000 00855nam a2200241 i 4500
001 bg
100 1 _aLOTKO, Aleksander
245 1 0 _aWspółczesne koncepcje zarządzania zasobami informatycznymi :
_baspekty ekonomiczne i organizacyjne /
_cAleksander Lotko.
260 _aRadom :
_bPolitechnika Radomska. Wydaw.,
_c2002.
300 _a172 s. :
_bil. (w tym kolor.) ;
_c25 cm.
500 _aNazwa wydawcy w cop. - Streszcz. ang.
504 _aBibliogr.
650 9 _aPrzedsiębiorstwo
_xkomputeryzacja
650 9 _aSystemy informatyczne
_xstosowanie
_xgospodarka
020 _a8388001493
040 _cBPK
041 0 _apl
_ben
080 _a658.1/.5.012.4:004
920 _a83-88001-49-3
942 _cKS
008 s pl f |000 0 pol
999 _c41009
_d41009
856 _uhttp://koha.tu.koszalin.pl/cgi-bin/koha/opac-detail.pl?biblionumber=41009
_yKatalog online BPK